000 01344nam1a2200277 i 4500
001 RU\NLR\BIBL_A\011438162
005 20260405173104.0
035 _a(NLR Aleph) 011438162
090 _a11686586
_c11686586
100 _a20170303g20169999km y0rusy50 ca
101 0 _arus
102 _aRU
105 _a||||z||||||||
200 1 _aБиблиотечка московского театра поэтов
_e[сборник стихов
_fФилатов фест]
_gавтор идеи: Влад Маленко
210 _aМосква
_cУ Никитских ворот
_d2016
215 _d16
225 1 _aМосковский театр поэтов
686 2 _aШ6(2=Р)8-5
702 1 _4570
_7ca
_8rus
_aМаленко
_bВ. В.
_f1971-
_gВладислав Валерьевич
_957448
_3RU\NLR\AUTH\7774520
711 1 2 _aФестиваль поэзии и драматургии им. Л. Филатова
_eМосква
_f2016
_9551966
_3RU\NLR\AUTH\880443980
852 _aNLR
_j2017-2/457
942 _cBOOK